|
|
|
|
| LEADER |
01578nam a2200409 a 4500 |
| 001 |
000589020 |
| 003 |
CZ BrMZK |
| 005 |
20170309094741.0 |
| 007 |
ta |
| 008 |
020302s1980 xr e c dcze d |
| 040 |
|
|
|a BOA001
|b cze
|c BOA001
|
| 043 |
|
|
|a e-xr---
|
| 045 |
|
|
|a x0x4
|
| 072 |
|
7 |
|a 75
|x Malířství
|2 Konspekt
|9 21
|
| 080 |
|
|
|a 75(437.3)
|2 MRF
|
| 080 |
|
|
|a 75.036/.038
|2 MRF
|
| 080 |
|
|
|a 75.047
|2 MRF
|
| 080 |
|
|
|a (437.3)
|2 MRF
|
| 080 |
|
|
|a (083.824)
|2 MRF
|
| 100 |
1 |
|
|a Trampota, Jan,
|d 1889-1942
|7 jn20000728759
|4 art
|
| 245 |
1 |
0 |
|a Jan Trampota :
|b Moravská galerie v Brně, březen - duben 1980 : katalog výstavy /
|c úvodní text Jiří Hlušička
|
| 260 |
|
|
|a Brno :
|b Moravská galerie,
|c 1980
|
| 300 |
|
|
|a 1 nestránkovaný sv.
|
| 490 |
1 |
|
|a Pohledy do sbírek Moravské galerie v Brně ;
|v 3
|
| 600 |
1 |
7 |
|a Trampota, Jan,
|d 1889-1942
|7 jn20000728759
|2 czenas
|
| 648 |
|
7 |
|a 20. století
|7 ch460558
|2 czenas
|
| 650 |
0 |
7 |
|a české malířství
|7 ph116864
|y 20. století
|2 czenas
|
| 650 |
0 |
7 |
|a moderní malířství
|7 ph122940
|z Česko
|2 czenas
|
| 655 |
|
7 |
|a katalogy výstav
|7 fd132536
|2 czenas
|
| 700 |
1 |
|
|a Hlušička, Jiří,
|d 1929-2024
|7 jk01041358
|4 wfw
|
| 710 |
2 |
|
|a Moravská galerie (Brno, Česko)
|7 kn20020321233
|
| 830 |
|
0 |
|a Pohledy do sbírek (Moravská galerie v Brně)
|0 s
|
| 910 |
|
|
|a BOA001
|b X-0826.191
|
| 990 |
|
|
|a BK
|
| 991 |
|
|
|b 201703
|
| 996 |
7 |
|
|b 2619235776
|c X-0826.191
|l MZK
|r Sklad / do 24 hodin
|n 9
|w 000589020
|u 000010
|a 1
|e BOA001
|j MZK50
|s A
|
| 996 |
6 |
|
|b 2619675709
|c X-0826.191
|l MZK
|r Sklad / do 24 hodin
|n 1
|w 000589020
|u 000020
|a 1
|e BOA001
|j MZK50
|s P
|